000 00436nam a2200133Ia 4500
008 100328s9999 xx 000 0 und d
082 _b9918
100 _aभुवड भगवानदास
245 _aसंगीत प्रेमाचा सौदा
260 _b---
630 _aसंगीत प्रेमाचा सौदा
730 _aसंगीत प्रेमाचा सौदा
942 _cBOOK
999 _c505475
_d505472